ბათუმის შოთა რუსთაველის სახელმწიფო უნივერსიტეტის ბიბლიოთეკა

Вычислительная математика (ბიბ.ჩანაწერი № 48241)

000 -LEADER
fixed length control field 00499nam a2200193Ia 4500
001 - CONTROL NUMBER
control field 15125
003 - CONTROL NUMBER IDENTIFIER
control field GE_BSU
008 - FIXED-LENGTH DATA ELEMENTS--GENERAL INFORMATION
fixed length control field 181216s||||||||xx |||||||||||||| ||und||
040 ## - CATALOGING SOURCE
Transcribing agency GE_BSU
080 ## - UNIVERSAL DECIMAL CLASSIFICATION NUMBER
Universal Decimal Classification number 519.6(075.8)
100 ## - MAIN ENTRY--PERSONAL NAME
Personal name Вергасов,В.А.
245 ## - TITLE STATEMENT
Title Вычислительная математика
260 ## - PUBLICATION, DISTRIBUTION, ETC.
Place of publication, distribution, etc. Москва
260 ## - PUBLICATION, DISTRIBUTION, ETC.
Name of publisher, distributor, etc. Недра
260 ## - PUBLICATION, DISTRIBUTION, ETC.
Date of publication, distribution, etc. 1976
300 ## - PHYSICAL DESCRIPTION
Extent 229стр.22см.
653 ## - INDEX TERM--UNCONTROLLED
Uncontrolled term Вычислительная математика
942 ## - ADDED ENTRY ELEMENTS (KOHA)
Koha item type წიგნი
ეგზემპლარები
Withdrawn status Lost status Damaged status Not for loan Date acquired Barcode Date last seen Price effective from Koha item type
        2018-12-17 17553 2018-12-17 2018-12-17 წიგნი
        2018-12-17 17989 2018-12-17 2018-12-17 წიგნი
        2018-12-17 18039 2018-12-17 2018-12-17 წიგნი